| 000 | 00526nam a2200145Ia 4500 | ||
|---|---|---|---|
| 008 | 140724s9999 xx 000 0 und d | ||
| 050 |
_aT 58.6 _b.R788 2014 |
||
| 100 | _aRosales, Ronie M. | ||
| 245 |
_aLearning institute program tracking system for Southville International School and Colleges / _cRonie M. Rosales. |
||
| 260 |
_aLas PiƱas, Philippines : _bSouthville International School and Colleges, _cc2014. |
||
| 300 |
_a124 p. : _bill. ; _c28 cm. |
||
| 521 | _aInformation Technology | ||
| 942 | _cTH | ||
| 999 |
_c229320 _d229320 |
||